000 00561nam a22001577a 4500
020 _qHard Cover.
082 _a570.2
100 _aRijja Hussain Bokhari.
245 _aIntegrated Molecular Modelling and Machine Learning Strategies to Investigate Potential Drug Targets Against Poliovirus /
_cBokhari, Rijja Hussain
260 _aIslamabad:
_bRCMS-NUST,
_c2021.
300 _a93 p. :
_bill. ;
_c30cm.
650 _aMS-Bioinformatics.
_984386
700 _aDr. Ishrat Jabeen
_984387
942 _2ddc
_cTHE
999 _c586831
_d586831